| 000 | 00426nam a2200145 i 4500 | ||
|---|---|---|---|
| 001 | 100774 | ||
| 003 | ES-MaACL | ||
| 007 | t| | ||
| 008 | 051005q19101920fr ||||1| fre d | ||
| 100 | 1 |
_aMathuisieulx, H. M. de. _979059 |
|
| 245 | 1 | 3 |
_aLa Tripolitaine d'hier et de demain / _cH. M. de Mathuisieulx. |
| 260 |
_aParis : _bF. Schmidt, _c1912. |
||
| 300 |
_aVIII, 215 p., 32 lám., 3 h. ; _c19 cm. |
||
| 852 |
_aES-MaACL _jB-2749 |
||
| 999 |
_c100774 _d100774 |
||